|
|
|
|
| LEADER |
01051pam a22002778a 4500 |
| 001 |
00044306 |
| 005 |
20190611140653.0 |
| 008 |
110517s1980 ||||||Viesd |
| 020 |
# |
# |
|a 978604541442
|c 75000
|
| 041 |
0 |
# |
|a Vie
|
| 082 |
1 |
# |
|a 570.7
|b D112H
|
| 245 |
0 |
0 |
|c Đinh Quang Báo (ch.b); Phan Thị Thanh Hội, ... [và những người khác]
|a Dạy học phát triển năng lực môn Sinh học Trung học phổ thông
|
| 260 |
# |
# |
|a Hà Nội
|b Đại học sư phạm
|c 2018
|
| 300 |
# |
# |
|a 219 tr.
|c 24 cm.
|
| 653 |
# |
# |
|a Năng lực
|
| 653 |
# |
# |
|a Giáo dục
|
| 653 |
# |
# |
|a Phương pháp
|
| 653 |
# |
# |
|a Trung học phổ thông
|
| 653 |
# |
# |
|a Sinh học
|
| 700 |
1 |
# |
|a Nguyễn, Thị Việt Nga
|
| 700 |
1 |
# |
|a Phan, Thị Thanh Hội
|
| 700 |
1 |
# |
|a Trần, Thị Gái
|
| 700 |
1 |
# |
|a Đinh, Quang Báo
|e Chủ biên
|
| 852 |
# |
# |
|j KD.0025969
|j KM.0029914
|j KM.0029882
|j KM.0029879
|j KM.0029876
|
| 910 |
# |
# |
|d 11/6/2019
|
| 980 |
# |
# |
|a Trung tâm Học liệu Lê Vũ Hùng, Trường Đại học Đồng Tháp
|